| 000 | 00407nam a2200157Ia 4500 | ||
|---|---|---|---|
| 008 | 151213s9999 xx 000 0 und d | ||
| 020 | _a1840462701 | ||
| 100 | _aShelleY Walia | ||
| 245 |
_aEdward Said and The Writing Of History _cShelleY Walia |
||
| 260 |
_aU K _bI Con Books Totem Books _c2001 |
||
| 300 | _a7153 p. | ||
| 650 | _aEnglish | ||
| 650 | _aEnglish | ||
| 700 | _aShelleY Walia | ||
| 999 |
_c3796 _d3796 |
||